HISTORIA DE ESPAÑA MENENDEZ PIDAL TOMO V ESPAÑA MUSULMANA (711-1031) (Record no. 54118)
[ view plain ]
| 000 -CABECERA | |
|---|---|
| campo de control de longitud fija | 00445nam a2200169Ia 4500 |
| 001 - NÚMERO DE CONTROL | |
| campo de control | 27918 |
| 005 - FECHA Y HORA DE LA ÚLTIMA TRANSACCIÓN | |
| campo de control | 20260407084102.0 |
| 008 - CÓDIGOS DE INFORMACIÓN DE LONGITUD FIJA | |
| campo de control de longitud fija | 260115s9999 xx 000 0 und d |
| 010 ## - NÚMERO DE CONTROL DE LA BIBLIOTECA DEL CONGRESO | |
| Número de control de LC | 54118 |
| 035 ## - NÚMERO DE CONTROL DEL SISTEMA | |
| Número de control de sistema | 4253 |
| 100 ## - PUNTO DE ACCESO PRINCIPAL - NOMBRE DE PERSONA | |
| Nombre de persona | LEVI-PROVENCAL E. |
| 245 #0 - MENCIÓN DE TÍTULO | |
| Título | HISTORIA DE ESPAÑA MENENDEZ PIDAL TOMO V ESPAÑA MUSULMANA (711-1031) |
| 260 ## - PUBLICACIÓN, DISTRIBUCIÓN, ETC. (PIE DE IMPRENTA) | |
| Nombre del editor distribuidor etc. | ESPASA CALPE |
| Fecha de publicación distribución etc. | 1956 |
| 630 ## - PUNTO DE ACCESO ADICIONAL DE MATERIA--TÍTULO UNIFORME | |
| Título uniforme | HISTORIA DE ESPAÑA |
| 650 ## - PUNTO DE ACCESO ADICIONAL DE MATERIA--TÉRMINO DE MATERIA | |
| Término de materia o nombre geográfico como elemento inicial | HISTORIA DE ESPAÑA |
| 942 ## - ELEMENTOS DE PUNTO DE ACCESO ADICIONAL (KOHA) | |
| Tipo de ítem Koha | Monografías |
| Estado de retiro | Estado de pérdida | Estado dañado | No para préstamo | Código de colección | Localización permanente | Ubicación/localización actual | Ubicación en estantería | Fecha de adquisición | Número de inventario | Número de registro | Total de préstamos | Signatura topográfica completa | Código de barras | Fecha visto por última vez | Número de copia | Precio válido a partir de | Tipo de ítem Koha | Nota pública |
|---|---|---|---|---|---|---|---|---|---|---|---|---|---|---|---|---|---|---|
| Servicio de Estudios Históricos | Servicio de Estudios Históricos | 05/12/2012 | 7672 | 7672 | 4253 | FH_27918 | 05/02/2026 | 1 | 05/02/2026 | Monografías | INSTITUCIONES, SOCIEDAD, CULTURA |
